Pass Cambridge BEC preliminary /

Hlavní autor: Wood, Ian
Další autoři: Williams, Anne, Cowper, Anna
Jazyk: Angličtina
Vydáno: Andover : National Geographic Learning :Cengage Learning, [2013],
Vydání: Second edition
Témata:
Fyzický popis: 3 svazky : ilustrace (některé barevné) ; 30 cm
Knihy
Uloženo v:
LEADER 02632nam a2200589 ia4500
001 001496232
003 CZ BrMZK
005 20160901110552.0
007 ta
008 151111t20132013xxka g p 000 0 eng
020 |a 978-1-133-31320-5  |q (student's book :  |q brožováno) 
020 |a 978-1-133-31651-0  |q (workbook with answer key :  |q brožováno) 
020 |a 978-1-133-31754-8  |q (teacher's book :  |q brožováno) 
040 |a BOA001  |b cze  |e rda 
072 7 |a 811.111  |x Angličtina  |2 Konspekt  |9 11 
080 |a 811.111  |2 MRF 
080 |a 81'24:371.27  |2 MRF 
080 |a (07.063)81  |2 MRF 
080 |a (076.1)  |2 MRF 
080 |a (072)  |2 MRF 
100 1 |a Wood, Ian  |7 xx0060147  |4 aut 
245 1 0 |a Pass Cambridge BEC preliminary /  |c Ian Wood, Anne Williams with Anna Cowper 
246 3 0 |a BEC preliminary 
250 |a Second edition 
264 1 |a Andover :  |b National Geographic Learning :  |b Cengage Learning,  |c [2013], 
264 4 |c ©2013 
300 |a 3 svazky :  |b ilustrace (některé barevné) ;  |c 30 cm 
336 |a text  |b txt  |2 rdacontent 
336 |a mluvené slovo  |b spw  |2 rdacontent 
337 |a bez média  |b n  |2 rdamedia 
337 |a audio  |b s  |2 rdamedia 
338 |a svazek  |b nc  |2 rdacarrier 
338 |a audiodisk  |b sd  |2 rdacarrier 
500 |a "Multilingual word lists online" 
500 |a Na obálkách označení: BEC Preliminary B1 
505 0 |a student's book. 162 stran -- workbook with answer key. 80 stran -- teacher's book. 184 stran + 2 CD 
650 0 7 |a angličtina  |7 ph114056  |2 czenas 
650 0 7 |a jazykové zkoušky  |7 ph466388  |2 czenas 
650 0 7 |a Business English Certificate  |7 ph466389  |2 czenas 
653 0 |a jazyková úroveň B1 
655 7 |a jazykové učebnice, texty, příručky (B)  |7 fd600891  |2 czenas 
655 7 |a pracovní sešity  |7 fd133116  |2 czenas 
655 7 |a metodické příručky  |7 fd132826  |2 czenas 
700 1 |a Williams, Anne  |7 xx0060148  |4 aut 
700 1 |a Cowper, Anna  |7 pna2014842560  |4 aut 
910 |a BOA001  |b 4-1357.225 
990 |a BK 
991 |b 201512  |c NOV  |x 99 
996 7 |b 2610650785  |c 4-1357.225  |d 1,student's book  |v 1  |l Anglická knihovna/2.patro  |r ZHR  |n 11  |p kupz  |h XB  |w 001531538  |u 000010  |a 0  |e BOA001  |j MZK50  |s A 
996 7 |b 2610650786  |c 4-1357.225  |d 2,workbook with answer key  |v 2  |l Anglická knihovna/2.patro  |r ZHR  |n 4  |p kupz  |h XB  |w 001531538  |u 000020  |a 0  |e BOA001  |j MZK50  |s A 
996 7 |b 2610650787  |c 4-1357.225  |d 3,teacher's book  |v 3  |l Anglická knihovna/2.patro  |r ZHR  |n 9  |p kupz  |h XB  |w 001531538  |u 000030  |a 0  |e BOA001  |j MZK50  |s A 
996 7 |b DKAA000199  |c CDR-1357.225  |d 3,teacher's book CD 1-2  |v 3  |l Anglická knihovna/2.patro  |r ZHR  |n 7  |p kupz  |h CD-A 976  |w 001531538  |u 000040  |a 0  |e BOA001  |j MZK50  |s A